00345nam a2200133Ia 4500008004100000041000800041082001400049100001600063245003600079250001400115260004200129300003100171365000900202240624s9999 xx 000 0 und d aeng a332.6 RUS aRUSSELL RAY aINTRODUCTION TO FUND MANAGEMENT a(3rd ed.) c2006aNew JerseybJohn Wiley and Sons axii, : 178 : p. : cm. ; 23 cb28